Pays que j'ai visité - Statistiques

Statistiques générales
  • Ce quiz a été pris 212 fois
    17 depuis la dernière actualisation
  • Le résultat moyen est 19 sur 20
Statistiques - réponses
Réponse Hint % Correct
Belgique Europe
100%
Brésil Amérique du sud
100%
Espagne Europe
100%
Grèce Europe
100%
Hongrie Europe
100%
Italie Europe
100%
Japon Asie
100%
Maroc Afrique
100%
Allemagne Europe
93%
Autriche Europe
93%
Chili Amérique du Sud
93%
France Europe
93%
Irlande Europe
93%
Pays-Bas Europe
93%
Pologne Europe
93%
Royaume uni Europe
93%
Suisse Europe
93%
Thaïlande Asie
93%
Andorre Europe
87%
Turquie Asie
67%
Aucun quiz correspondant
Distribution des résultats
% des personnes avec chaque résultat
Percentile par nombre de réponses
Votre historique - résultats
Vous n’avez pas pris ce quiz depuis la dernière actualisation